00552nam a2200229Ia 4500008004000000041000800040082001200048100002600060245007600086260004200162440000600204650000800210650000600218650001500224650001100239650001100250650000700261650001500268650001200283650001500295650001200310210210b1901 xxu||||| |||| 00| 0 eng d aeng a030/133 aMURRAY (James A H) Ed aOxford English dictionary on historical principles Vol V (I-Kyz) Part-2 aLondonbOxford Universtiy Pressc1901 a5 aVol aV aprinciples aPart-2 aOxford aon ahistorical aEnglish adictionary a(I-Kyz)